000 00476nam a2200169Ia 4500
001 7659
003 GE_BSU
008 181216s||||||||xx |||||||||||||| ||und||
040 _cGE_BSU
245 _aТеорическая и математичемкая физика. №1. Том 176. 2013.
245 _cгл. ред. А.А.Логунов и др.
260 _aмосква.
260 _bнаука.
260 _c2013.июль.
300 _a159ст;24см.
942 _cCR
999 _c41011
_d41011